00698 2200193 4500245002800000020002200028250001100050100001600061700002000077700002300097650004300120005001900163260002600182041001400208084000800222300002500230500024000255336000900495 aEmmacAuten, JanehText a978-602-1637-44-9 aCet. 1 aAuten, Jane aEstiani Prajoko aTim Redaksi Qanita aNovel Inggris (dalam Bahasa Indonesia) a20231106131050 aBandungbQanitac2014 aIndonesia a823 a740 hlm. :c20.5 cm. aCantik, pintar, kaya dan lajang Emma Woodhouse begitu puas dengan kehidupannya, sampai-sampai dia merasa tidak membutuhkan cinta maupun pernikahan. Satu-satunya hal yang menyenangkan dirinya ialah mencampuri kehidupan cinta orang lain. atext